mahagama sekarage dunman hanthiya vimasima (Record no. 6055)
[ view plain ]
| 000 -LEADER | |
|---|---|
| fixed length control field | 00444nam a22001577a 4500 |
| 005 - DATE AND TIME OF LATEST TRANSACTION | |
| control field | 20250526034010.0 |
| 008 - FIXED-LENGTH DATA ELEMENTS--GENERAL INFORMATION | |
| fixed length control field | 250526b |||||||| |||| 00| 0 eng d |
| 082 ## - DDC Classification | |
| DDC Edition Number | 22 |
| Class No. | 302 |
| Item Number - Author Mark | Mah |
| 100 ## - MAIN ENTRY--PERSONAL NAME | |
| Personal name | mihunthukula, sunil |
| 245 ## - TITLE STATEMENT | |
| Title | mahagama sekarage dunman hanthiya vimasima |
| 250 ## - EDITION STATEMENT | |
| Edition statement | 2nd |
| 260 ## - PUBLICATION, DISTRIBUTION, ETC. | |
| Place of publication, distribution, etc. | Maharagama |
| Name of publisher, distributor, etc. | Suragi Publlishers |
| Date of publication, distribution, etc. | 1991 |
| 300 ## - PHYSICAL DESCRIPTION | |
| Extent (e.g. Volumes, Pages etc.) | 32 p ., |
| 500 ## - GENERAL NOTE | |
| General note | mahagama sekarage dunman hanthiya vimasima ( Cinima) |
| 942 ## - Koha item type (Biblio) | |
| Koha item type | Books in Stacks (Lending) |
| Lost status | Damaged status | Collection code | Home library | Current library | Date acquired | Full call number | Accession Number | Item type |
|---|---|---|---|---|---|---|---|---|
| Lending | WERC Library | WERC Library | 05/26/2025 | 302 Mah | 3777 | Books in Stacks (Lending) |
